000 00747nam a22002177a 4500
003 UA-OsUOA
001 102943
007 ta
008 20131007b un ||||| |||| 00| 0 ukr d
100 _aСтефанюк І.Б.
090 _a355
_bС79
942 _cSA
040 _aUA-OsUOA
_bukr
_cUA-OsUOA
_dUA-OsUOA
245 _aУдосконалення механізму фінансового забезпечення органів місцевого самоврядування
300 _aС.71-83
955 _a0
041 _aukr
080 _a355
773 0 _w102937
_tФінанси України
_dК.
_d2013
_g2
650 7 _a35 Державно-адміністративне управління. Військова справа
_2UDC
999 _c389150
_d389150